000 00693nam a22002412 4500
001 12605
003 BD-RjUL
005 20211208235326.0
008 140129s1961 enka 001 0 eng d
035 _aOCLC ocm01432053 from D971104M
_a(BD-RjUL)12654
040 _aORL
_cORL
_dUKM
_dEQO
_dBD-RjUL
_beng
041 _aeng
082 _a636.6
_bTOB 1961
100 1 _aTottenham, Katharine.
_939264
245 1 0 _aBird doctor /
_c Katharine Tottenham
260 _aEdinburgh :
_bT. Nelson,
_cc1961
300 _avii, 162 p. :
_billus. ;
_c20 cm.
650 0 _aBirds
_xDiseases.
_939265
650 0 _aBirds
_xLegends and stories.
_939266
942 _2ddc
_cBK
999 _c12605
_d12605